| 000 | 01781cam a2200529 i 4500 | ||
|---|---|---|---|
| 001 | 5385 | ||
| 003 | KOSZ 005 | ||
| 005 | 20250812105957.0 | ||
| 008 | 250806s1991 pl a f 000 0 pol | ||
| 015 | _aUWD 1992/6151 | ||
| 035 | _a991001386569705066 | ||
| 035 | _a(PL-WaBN)b10401143-48omnis_nlop | ||
| 035 | _ab10401143 | ||
| 035 | _a(OCoLC)750931303 | ||
| 035 | _a(PL)b0000001040114 | ||
| 035 | _a(EXLNZ-48OMNIS_NETWORK)9910212265505606 | ||
| 040 |
_aWA N _cWA N _dKOSZ 005/RW |
||
| 046 | _k1991 | ||
| 080 | _a681.5 | ||
| 080 | _a519.86/.87 | ||
| 080 | _a(075.8) | ||
| 100 | 1 |
_aJaniszowski, Krzysztof _eAutor |
|
| 245 | 1 | 0 |
_aPodstawy wyznaczania opisu i sterowania obiektów dynamicznych / _cKrzysztof Janiszewski. |
| 250 | _aWydanie I. | ||
| 260 |
_aWarszawa : _bWydawnictwa Politechniki Warszawskiej, _c1991. |
||
| 300 |
_a227 stron : _brysunki, wykresy ; _c24 cm. |
||
| 336 |
_aTekst _btxt _2rdacontent |
||
| 337 |
_aBez urządzenia pośredniczącego _bn _2rdamedia |
||
| 338 |
_aWolumin _bnc _2rdacarrier |
||
| 380 | _aKsiążki | ||
| 380 | _aPublikacje dydaktyczne | ||
| 380 | _aPublikacje naukowe | ||
| 385 |
_mPoziom nauczania _aSzkoły wyższe |
||
| 388 | 1 | _a1901-2000 | |
| 388 | 1 | _a1945-1989 | |
| 504 | _aBibliografia na stronach 209-210. | ||
| 650 | 7 |
_aModele matematyczne _2DBN |
|
| 650 | 7 |
_aTechnika _2DBN |
|
| 650 | 7 |
_aTeoria sterowania _2DBN |
|
| 650 | 7 |
_aUrządzenia _2DBN |
|
| 655 | 7 |
_aPodręczniki akademickie _2DBN |
|
| 658 | _aInżynieria i technika | ||
| 710 | 2 |
_aOficyna Wydawnicza Politechniki Warszawskiej _4pbl |
|
| 856 |
_uhttps://koha.tu.koszalin.pl/cgi-bin/koha/opac-detail.pl?biblionumber=5385 _yKatalog online BPK |
||
| 942 |
_2UKD _cKS |
||
| 999 |
_c5385 _d5385 |
||